00595nam a2200157Ia 4500003000900000008004100009040001600050080002200066245016300088260003100251300001700282490006000299650004100359650001500400700002200415IN-BaIIA211028s9999 xx 000 0 eng d cIIA Library a550.3(047.1)bGEO 0aGeophysical measurementsbvol. 1, techniques, observational schedules and treatment of datacedited by Minnis C. M.  aCambridgebMIT Pressc1968 axviii, 398p. aAnnals of the IQSY international years of the quiet sun aAstronomy and astrophysics thesaurus aGeophysics aMinnis C. M., ed.